000 00928nam a22002897a 4500
001 23479
003 Mx-PuUPA
005 20250815123231.0
008 250815b2020 mx a gr 001 0dspa d
020 _a9786079417826
040 _aMx-PuUPA
_bspa
_cMx-PuUPA
_dMx-PuUPA
_erda
041 0 _aspa
100 1 _aBeuchot, Mauricio,
_d1950-
_914180
_eautor
245 1 0 _aKierkegaard y su dialéctica analógica /
_cMauricio Beuchot
250 _aPrimera edición
264 1 _aSaltillo, Coahuila :
_bQuintanilla Ediciones,
_c2020
300 _a205 páginas :
_bilustraciones ;
_c22 cm
336 _2rdacontent
_atexto
_btxt
337 _2rdamedia
_asin medio
_bn
338 _2rdacarrier
_avolumen
_bnc
600 1 0 _aKierkegaard, Søren,
_d1813-1855
_9221
650 7 _2armarc
_aAnalogía (Filosofía)
650 7 _2armarc
_aAnalogía
942 _2ddc
_cLI
_h169
_iK47
999 _c73119
_d73119